000
00294nam a2200121Ia 4500
008
191201s2014 xx 000 0 und d
100
_a
GOYAL,Varun
245
0
_a
Information Theory and Coding
260
_a
N. delhi
_b
S K Kataria
_c
2014
300
_a
391
650
_a
B.Tech(ECE)
942
_2
ddc
_c
BK
999
_c
699
_d
699